|
|
|
|
| LEADER |
00000nab a2200000ua 4500 |
| 001 |
vtls010844425 |
| 003 |
SK-MaSNL |
| 005 |
20260303135846.0 |
| 008 |
230218s1965 xo |||||||||||||||||eng| |
| 035 |
|
|
|a (urnnbn)urn:nbn:sk:snk:ar-a0730d
|
| 035 |
|
|
|a urn:nbn:sk:snk-ab66a8
|
| 035 |
|
|
|a (uuid)a5864300-ab6c-4c92-a757-d6496358cafe
|
| 040 |
|
|
|a SNKBUCL
|b slo
|c SNKBUCL
|e AACR2
|
| 041 |
0 |
|
|a eng
|
| 044 |
|
|
|a xo
|c SK
|
| 100 |
1 |
|
|a Karolus, Karol,
|d 1925-1985
|4 aut
|9 38613
|
| 245 |
1 |
0 |
|a CONTRIBUTION TO THE CHEMISTRY OF CARPATHIAN NEOVOLCANIC ROCKS
|c Karol Karolus
|
| 773 |
0 |
|
|t Geologické práce : správy
|g Roč. 36, č. 36 (1965), s. 265-282
|
| 958 |
|
|
|a OND
|
| 958 |
|
|
|a EUIPO
|
| 958 |
|
|
|a article5
|
| 999 |
|
|
|c 1968421
|d 1970351
|